[Event "Titled Tuesday intern op 14th April"]
[Site "Chess.com INT"]
[Date "2020.04.14"]
[Round "8"]
[White "Cuarta Garcia, Braulio"]
[Black "Gordon, David"]
[Result "1-0"]
[WhiteElo "2138"]
[BlackElo "2116"]
[PlyCount "67"]
[EventDate "2020.04.14"]
[EventType "swiss (blitz)"]
[EventRounds "10"]
[EventCountry "USA"]
[SourceTitle "EXT 2021"]
[Source "ChessBase"]
[SourceDate "2020.10.23"]
[SourceVersion "1"]
[SourceVersionDate "2020.10.23"]
[SourceQuality "1"]

1. d4 Nf6 2. c4 c5 3. d5 e6 4. Nc3 exd5 5. cxd5 d6 6. e4 g6 7. f4 Bg7 8. Bb5+ Nfd7 9. a4 0-0 10. Nf3 Na6 11. 0-0 Nc7 12. Bd3 a6 13. Bd2 Rb8 14. Qe2 Re8 15. Rae1 f5 16. e5 dxe5 17. fxe5 b5 18. Bg5 Bf6 19. exf6 Rxe2 20. f7+ Kxf7 21. Bxd8 Rxe1 22. Rxe1 Rb7 23. Bxc7 Rxc7 24. axb5 c4 25. Bf1 Nc5 26. d6 Rd7 27. Ne5+ Kf6 28. Nxd7+ Bxd7 29. bxa6 Nxa6 30. Bxc4 Nc5 31. b4 Na4 32. Nxa4 Bxa4 33. b5 f4 34. d7 1-0

[Event "Titled Tuesday intern op 14th April"]
[Site "Chess.com INT"]
[Date "2020.04.14"]
[Round "2"]
[White "Nguyen, Hong Anh1"]
[Black "Cuarta Garcia, Braulio"]
[Result "0-1"]
[WhiteElo "1970"]
[BlackElo "2138"]
[PlyCount "66"]
[EventDate "2020.04.14"]
[EventType "swiss (blitz)"]
[EventRounds "10"]
[EventCountry "USA"]
[SourceTitle "EXT 2021"]
[Source "ChessBase"]
[SourceDate "2020.10.23"]
[SourceVersion "1"]
[SourceVersionDate "2020.10.23"]
[SourceQuality "1"]

1. d4 Nf6 2. c4 c5 3. Nf3 cxd4 4. Nxd4 b6 5. g3 Bb7 6. Nf3 g6 7. Bg2 Bg7 8. 0-0 0-0 9. Nc3 d6 10. b3 Nbd7 11. Bb2 a6 12. Rc1 Rc8 13. Nd5 Nxd5 14. Bxg7 Kxg7 15. cxd5 Rxc1 16. Qd4+ Nf6 17. Rxc1 Bxd5 18. g4 e5 19. Qa4 a5 20. h3 Bb7 21. Qb5 Nd7 22. Nxe5 Nxe5 23. Bxb7 Qg5 24. Rf1 Nf3+ 25. Bxf3 Qxb5 26. Kg2 a4 27. Rd1 axb3 28. axb3 Qxb3 29. Rxd6 Re8 30. Rd7 Qe6 31. Rb7 Qd6 32. e3 Rb8 33. Ra7 b5 0-1

[Event "Titled Tuesday intern op 4th June"]
[Site "Chess.com INT"]
[Date "2019.06.04"]
[Round "2"]
[White "Savins Puertas, Martin"]
[Black "Cuarta Garcia, Braulio"]
[Result "1-0"]
[WhiteElo "2067"]
[BlackElo "2138"]
[PlyCount "85"]
[EventDate "2019.06.04"]
[EventType "swiss (blitz)"]
[EventRounds "10"]
[EventCountry "USA"]
[SourceTitle "EXT 2021"]
[Source "ChessBase"]
[SourceDate "2020.10.23"]
[SourceVersion "1"]
[SourceVersionDate "2020.10.23"]
[SourceQuality "1"]

1. e4 c5 2. Nc3 e6 3. g3 d5 4. exd5 exd5 5. Bg2 Nf6 6. d3 d4 7. Ne4 Nxe4 8. Bxe4 Be7 9. Ne2 0-0 10. 0-0 Nc6 11. Bg2 Re8 12. Bd2 Bf8 13. b3 Bg4 14. f3 Bf5 15. g4 Bg6 16. Nf4 Bd6 17. Nxg6 hxg6 18. f4 Qh4 19. Qf3 Rad8 20. a3 Rd7 21. Rae1 Rde7 22. Rxe7 Rxe7 23. Qg3 Qf6 24. Be4 Re8 25. Qf3 Nd8 26. Rf2 b6 27. a4 Bc7 28. Kg2 Ne6 29. Kh1 Qh4 30. Qg3 Qf6 31. g5 Qd8 32. Qg4 Qd6 33. Rf3 a6 34. Qh4 b5 35. axb5 axb5 36. f5 gxf5 37. Bxf5 c4 38. g6 f6 39. bxc4 bxc4 40. dxc4 Rb8 41. Bxe6+ Kf8 42. Bd5 Qxd5 43. cxd5 1-0

[Event "Capablanca Memorial op-B 48th"]
[Site "Havana"]
[Date "2013.04.23"]
[Round "3"]
[White "Lopez Raygoza, Luis Alberto"]
[Black "Cuarta Garcia, Braulio"]
[Result "0-1"]
[WhiteElo "1994"]
[BlackElo "2138"]
[PlyCount "106"]
[EventDate "2013.04.21"]
[EventType "swiss"]
[EventRounds "9"]
[EventCountry "CUB"]
[SourceTitle "CBM 154 Extra"]
[Source "ChessBase"]
[SourceDate "2013.06.25"]
[SourceVersion "2"]
[SourceVersionDate "2013.06.25"]
[SourceQuality "1"]

1. e4 c5 2. Nf3 e6 3. d4 cxd4 4. Nxd4 a6 5. c4 Qc7 6. a3 Nf6 7. Nc3 b6 8. Be3 Bb7 9. f3 d6 10. Be2 Nbd7 11. 0-0 Be7 12. Qd2 h5 13. Rfc1 Ne5 14. a4 Rd8 15. a5 bxa5 16. Qe1 Nfd7 17. Nb3 Nc5 18. Qd1 Nc6 19. f4 Bf6 20. f5 g6 21. fxe6 fxe6 22. Nxc5 dxc5 23. Qa4 Bd4 24. Bxd4 cxd4 25. Nd5 Qe5 26. Rf1 Rf8 27. Bd3 Rd7 28. Rxf8+ Kxf8 29. Qa3+ Kg7 30. Nb6 Rf7 31. c5 Qf4 32. Nc4 Qf2+ 33. Kh1 h4 34. h3 Qg3 35. Be2 Rf2 36. Qxg3 hxg3 37. Bf3 e5 38. Kg1 Kf6 39. h4 Rc2 40. b3 Bc8 41. Bd1 Rc3 42. Nd6 Be6 43. Nb7 d3 44. Kf1 Nd4 45. Nxa5 Rxc5 46. b4 Rb5 47. Rb1 Nc2 48. Bxc2 dxc2 49. Rc1 Rxb4 50. Rxc2 Rxe4 51. Rc6 Ra4 52. Nb3 Kf5 53. Rxe6 Rf4+ 0-1

[Event "Capablanca Memorial op-B 48th"]
[Site "Havana"]
[Date "2013.04.21"]
[Round "1"]
[White "Cuarta Garcia, Braulio"]
[Black "Jimenez Valdivia, Lianet"]
[Result "1-0"]
[WhiteElo "2138"]
[BlackElo "1840"]
[PlyCount "77"]
[EventDate "2013.04.21"]
[EventType "swiss"]
[EventRounds "9"]
[EventCountry "CUB"]
[SourceTitle "CBM 154 Extra"]
[Source "ChessBase"]
[SourceDate "2013.06.25"]
[SourceVersion "2"]
[SourceVersionDate "2013.06.25"]
[SourceQuality "1"]

1. d4 e6 2. c4 d5 3. Nc3 Nf6 4. Nf3 c6 5. Bg5 Nbd7 6. e3 Bb4 7. cxd5 cxd5 8. Nd2 a6 9. Bd3 Be7 10. 0-0 e5 11. Bxf6 Bxf6 12. Nxd5 exd4 13. exd4 0-0 14. Qf3 Rb8 15. Ne4 Bxd4 16. Qh3 g6 17. Bc4 Nb6 18. Qd3 Bg7 19. Bb3 Nxd5 20. Bxd5 Be6 21. Rad1 Bxd5 22. Qxd5 Bxb2 23. Qb3 Qe7 24. Rfe1 Qa3 25. Nf6+ Kg7 26. Nd7 Qxb3 27. axb3 Bc3 28. Rf1 Rbe8 29. Nxf8 Kxf8 30. Rd7 b6 31. Rc1 a5 32. g3 Bb4 33. Rcc7 Re7 34. Rxe7 Bxe7 35. Kf1 Bc5 36. Ke2 Kg7 37. Rxc5 bxc5 38. Kd3 Kf6 39. Kc4 1-0